000 00625nam a22002057a 4500
005 20251108165034.0
008 250721s2002 xx 000 0 ara d
020 _a995316052X
082 1 4 _aط/595.4/ليو
100 1 _aليويلين، كلير
_eمؤلف
245 1 0 _aلم أكن أعلم أن للعناكب أنياباً /
264 1 _aبيروت :
_bدار المجاني،
_c2002.
300 _a32ص.
490 0 _aلم أكن أعلم
650 1 7 _aالعنكبيات
653 _aناشاون صغار (10-14) سنه
700 1 _aفاضل، ألين
_eمترجم
942 _2ddc
_cBK
999 _c20620
_d20620